Catálogo

Vista normal Vista MARC

Entrada Personal Name

Número de registros utilizados en: 1

001 - CONTROL NUMBER

  • control field: 17895

003 - CONTROL NUMBER IDENTIFIER

  • control field: DLC

005 - DATE AND TIME OF LATEST TRANSACTION

  • control field: 20260306135015.0

008 - FIXED-LENGTH DATA ELEMENTS

  • fixed length control field: 800812n| acannaab| |a aaa |||

010 ## - LIBRARY OF CONGRESS CONTROL NUMBER

  • LC control number: n 80086480

040 ## - CATALOGING SOURCE

  • Original cataloging agency: DLC
  • Transcribing agency: Mx-PuUPA
  • Modifying agency: DLC
  • Modifying agency: Mx-PuUPA
  • Language of cataloging: spa
  • Description conventions: rda

046 ## - SPECIAL CODED DATES

  • Birth date: 1706
  • Death date: 1790

100 10 - HEADING--PERSONAL NAME

  • Personal name: Barco, Miguel del,
  • Dates associated with a name: 1706-1790

370 ## - ASSOCIATED PLACE

  • Place of birth: Casas de Millán, Cáceres, España
  • Place of death: Bolonia, Estados Pontificios

373 ## - ASSOCIATED GROUP

  • Associated group: Universidad de Salamanca

374 ## - OCCUPATION

  • Occupation: Autor
  • Occupation: Misionero jesuita español
  • Occupation: Geógrafo
  • Occupation: Historiador
  • Occupation: Antropólogo

375 ## - GENDER

  • Gender: hombre

377 ## - ASSOCIATED LANGUAGE

  • Language code: spa

400 10 - SEE FROM TRACING--PERSONAL NAME

  • Control subfield: nnaa
  • Personal name: Del Barco, Miguel
  • Dates associated with a name: 1706-1790

400 10 - SEE FROM TRACING--PERSONAL NAME

  • Personal name: Del Barco, Miguel,
  • Dates associated with a name: 1706-1790

670 ## - SOURCE DATA FOUND

  • Source citation: His Historia natural y crónica de la ... 1973.